Uprawy w Polsce - Statystyki

Ogólne statystyki
  • Ten quiz został rozwiązany 23 razy
  • Średni wynik to 3 z 9
Statystyki odpowiedzi
nie sumują się do 100% ponieważ nie uwzględniłem odpowiedzi "pozostałe uprawy" uprawa % Poprawnych
21,9% pszenica
80%
7,8% żyto
50%
6,2% jęczmień
35%
8,7% kukurydza
35%
12,8% pszenżyto
35%
2,1% ziemniaki
35%
2,3% buraki
25%
4,6% owies
25%
9% rzepak i rzepik
0%
Nie znaleziono quizów pasujących do podanych kryteriów
Rozkład punktacji
Procent ludzi z każdym wynikiem
Percentyl według liczby udzielonych odpowiedzi
Twoja historia wyników
Nie rozwiązałeś tego quizu